Грамматика русского языка в упражнениях и комментариях. Морфология

Библиографические подробности
Главный автор: Глазунова О. И. Ольга Игоревна
Примечания:Сборник упражнений, включающий наиболее важные разделы практической грамматики, а также теоретический материал, необходимый для их выполнения. Задания построены на основе наиболее частотных конструкций разговорной речи. Уделяется внимание контекстуальному и стилевому употреблению языковых единиц. Наиболее сложные для выполнения упражнения снабжены ключами. Для среднего и продвинутого этапов обучения, а также для подготовки к сдаче ТРКИ-2 (гуманитарные науки и журналистика), ТРКИ-3.
Язык:русский
Опубликовано: Санкт-Петербург, Златоуст, 2003
Издание:2-е изд., испр.
Предметы:
Формат: Книга
Запись в KOHA:https://koha.lib.tpu.ru/cgi-bin/koha/opac-detail.pl?biblionumber=334222

MARC

LEADER 00000nam0a2200000 4500
001 334222
005 20231102004631.0
010 |a 5865472925 
035 |a (RuTPU)RU\TPU\book\360251 
035 |a RU\TPU\book\87250 
090 |a 334222 
100 |a 20170713d2003 m y0rusy50 ca 
101 0 |a rus 
102 |a RU 
105 |a y j 000zy 
200 1 |a Грамматика русского языка в упражнениях и комментариях. Морфология  |f О. И. Глазунова 
205 |a 2-е изд., испр. 
210 |a Санкт-Петербург  |c Златоуст  |d 2003 
215 |a 423 с. 
330 |a Сборник упражнений, включающий наиболее важные разделы практической грамматики, а также теоретический материал, необходимый для их выполнения. Задания построены на основе наиболее частотных конструкций разговорной речи. Уделяется внимание контекстуальному и стилевому употреблению языковых единиц. Наиболее сложные для выполнения упражнения снабжены ключами. Для среднего и продвинутого этапов обучения, а также для подготовки к сдаче ТРКИ-2 (гуманитарные науки и журналистика), ТРКИ-3. 
606 1 |a Русский язык  |x Для других народов  |x Учебные руководства и пособия  |2 stltpush  |3 (RuTPU)RU\TPU\subj\26400  |9 50340 
610 1 |a грамматика 
610 1 |a морфология 
610 1 |a существительные 
610 1 |a прилагательные 
610 1 |a местоимения 
610 1 |a наречие 
610 1 |a частицы 
610 1 |a глаголы 
610 1 |a упражнения 
610 1 |a русский язык для иностранцев 
610 1 |a русский язык как иностранный 
686 |a Ш141.2-96  |v LBC/SL-A  |2 rubbk 
700 1 |a Глазунова  |b О. И.  |g Ольга Игоревна 
801 1 |a RU  |b 63413507  |c 20050916  |g PSBO 
801 2 |a RU  |b 63413507  |c 20221212  |g PSBO 
942 |c BK 
959 |a 75/20050916  |d 25  |e 160  |f НФ:25